Barcelona en la vida de San Ignacio de Loyola : 1524-1526 /

Contiene: Los estudios de Ignacio en Barcelona; Una red de relaciones humanas; Vida espiritual de San Ignacio.

محفوظ في:
التفاصيل البيبلوغرافية
المؤلف الرئيسي: Andrés, Glòria (autor)
مؤلفون آخرون: Ruis, Laura (autor) (autor), Ylla, Lluís (autor) (autor), Rambla Blanch, Josep Maria (presentación) (presentación)
التنسيق: كتاب
اللغة:الإسبانية
منشور في: Barcelona, España : Cristianisme i Justícia, 2025
سلاسل:(EIDES ; 104)
الموضوعات:
الوسوم: إضافة وسم
لا توجد وسوم, كن أول من يضع وسما على هذه التسجيلة!

MARC

LEADER 00000nam^a2200000^a^4500
001 000617030
005 20250630000000.0
009 20260310133733.614
020 |a 978-84-9730-562-4 
037 |a Acervo ITESO - Biblioteca 
041 |a ESP 
082 |a 255. 53  |b IGN EST AND 
100 |a Andrés, Glòria  |e (autor) 
245 1 0 |a Barcelona en la vida de San Ignacio de Loyola :  |b 1524-1526 /  |c G. Andrés, L. Ruis, L. Ylla ; presen. de J.M. Rambla Blanch. 
264 1 |a Barcelona, España :  |b Cristianisme i Justícia,  |c 2025 
300 |a 32 p. 
300 |a 1 folleto 
336 |a texto  |b txt  |2 rdacontenido 
337 |a sin mediación  |b n  |2 rdamedio 
338 |a volumen  |b nc  |2 rdasoporte 
440 1 |a (EIDES ;  |v 104) 
520 |a Contiene: Los estudios de Ignacio en Barcelona; Una red de relaciones humanas; Vida espiritual de San Ignacio. 
649 |a XX 
650 |a Jesuitas -  |x Biografías 
650 |a Santos -  |x Biografías 
650 |a Ministros Religiosos Españoles -  |x Biografías 
650 |a Jesuitas -  |x Historia 
650 |a Monasticismo y Ordenes Religiosas -  |x Historia 
650 |a Iglesia Católica -  |x Historia -  |y Siglo XVI 
650 |a Catolicismo -  |x Historia 
650 |a Cristianismo -  |x Historia 
650 |a Religión -  |x Historia 
650 |a Barcelona, España -  |x Historia -  |y Siglo XVI 
650 |a Barcelona, España -  |x Historia -  |y Casa de Austria, 1516-1700 
650 |a Ignacio de Loyola, Santo -  |x Tema Principal 
700 |a Ruis, Laura  |e (autor) 
700 |a Ylla, Lluís  |e (autor) 
700 |a Rambla Blanch, Josep Maria  |e (presentación) 
910 |a Fondo General 
920 |a Impresos - Libros 
930 |a Colección General 
940 |a Jesuitas 
905 |a 101 
901 |a 617053-10  |b IT2  |c FOL  |i D131925  |u 20250630 
902 |a https://opac.biblio.iteso.mx/vufind/Record/000617030